000 00460nam a2200181 a 4500
001 1767414372417
003 YourLibrary
005 20260103103042.0
008 260103s2010##################000#0#eng##
020 _a9780143067689
082 0 4 _a297.63
_bJAP
100 1 _aJaffer, Mehru,
_eauthor.
245 1 0 _aThe Book of Muhammad :
260 _bPenguin Global,
_c2010.
650 0 _aMuslims.
942 _cENGLISH
040 _aYourLibrary
_beng
_cYourLibrary
999 _c607012
_d607012